Pandémia (po)zmenila zákaznícke správanie
Zákazníci sa prispôsobili. Počas dvoch rokov opakovaných a dlhých lockdownov si navykli nakupovať online, využívať výdajné miesta a privykli si aj na rúška. Adaptovali sa aj obchodníci, ktorých už druhý lockdown nezaskočil. Vylaďujú svoje procesy tak, aby za každých okolností vyhoveli (po) zmenenému...
Salvato in:
| Natura: | Capitolo di libro |
|---|---|
| Lingua: | slovacco |
| Soggetti: | |
| Tags: |
Nessun Tag, puoi essere il primo ad aggiungerne!!
|
MARC
| LEADER | 00000naa a2200000 4500 | ||
|---|---|---|---|
| 001 | 0299516 | ||
| 005 | 20240417075306.5 | ||
| 041 | 0 | |a slo | |
| 044 | |a SK | ||
| 245 | 1 | 0 | |a Pandémia (po)zmenila zákaznícke správanie |
| 520 | |a Zákazníci sa prispôsobili. Počas dvoch rokov opakovaných a dlhých lockdownov si navykli nakupovať online, využívať výdajné miesta a privykli si aj na rúška. Adaptovali sa aj obchodníci, ktorých už druhý lockdown nezaskočil. Vylaďujú svoje procesy tak, aby za každých okolností vyhoveli (po) zmenenému správaniu svojich zákazníkov. | ||
| 610 | 2 | 0 | |a správanie spotrebiteľa |
| 610 | 2 | 0 | |a zákazníci |
| 610 | 2 | 0 | |a pandémia |
| 610 | 2 | 0 | |a obchod elektronický |
| 610 | 2 | 0 | |a centrá nákupné |
| 610 | 2 | 0 | |a tržby |